Loading...
| Fine Arts - Other Arts | 0 | 5 | 3 | 0 | 35 | 94 | 124.60 | 0 | 2 | 7.75 | 22.84 |
| Fine Arts - Classical Music and Opera | 0 | 2 | 0 | 0 | 20 | 93 | 123.00 | 0 | 1 | 3.08 | 9.41 |
| Other Science (Earth Science) | 0 | 1 | 0 | 0 | 10 | 107 | 107.00 | 0 | 0 | 11.51 | 33.33 |
| Other Academic | 0 | 1 | 0 | 0 | 10 | 152 | 152.00 | 0 | 0 | 0.53 | 3.85 |
| Literature - World | 0 | 1 | 0 | 0 | 10 | 81 | 81.00 | 0 | 1 | 3.45 | 6.59 |
| History - Other | 0 | 1 | 0 | 0 | 10 | 134 | 134.00 | 0 | 0 | 0.87 | 3.21 |
| History - World | 0 | 1 | 1 | 0 | 5 | 116 | 116.00 | 0 | 0 | 1.45 | 1.92 |
| Science - Biology | 0 | 1 | 1 | 0 | 5 | 135 | 135.00 | 0 | 0 | 0.06 | 2.56 |
| Fine Arts - Painting and Sculpture | 0 | 0 | 0 | 0 | 0 | 0.00 | 0 | 0 | 0.00 | 0.00 | |
| Social Science | 0 | 0 | 0 | 0 | 0 | 0.00 | 0 | 0 | 0.00 | 0.00 | |
| History - American | 0 | 1 | 2 | 0 | 0 | 121 | 121.00 | 0 | 0 | 1.95 | 3.08 |
| Modern World | 0 | 0 | 1 | 0 | -5 | 0.00 | 0 | 0 | 0.00 | 0.00 | |
| Geography | 0 | 0 | 2 | 0 | -10 | 0.00 | 0 | 0 | 0.00 | 0.00 |